Countries With Multiple D’s - Statistics

General Stats
  • This quiz has been taken 29 times
  • The average score is 3 of 5
Answer Stats
Country % Correct
United Kingdom
87%
Trinidad and Tobago
78%
Antigua and Barbuda
65%
Saint Vincent and the Grenadines
48%
Federated States of Micronesia
13%
No matching quizzes found
Score Distribution
Percent of People with Each Score
Percentile by Number Answered
Your Score History
You have not taken this quiz